Fluid Mechanics / (Record no. 14256)

MARC details
000 -LEADER
fixed length control field 00416nam a2200157 a 4500
020 ## - INTERNATIONAL STANDARD BOOK NUMBER
ISBN 0073398276 (hardcover)
020 ## - INTERNATIONAL STANDARD BOOK NUMBER
ISBN 9780073398273 (hardcover)
100 1# - MAIN ENTRY--AUTHOR NAME
Personal name White, Frank.
245 10 - TITLE STATEMENT
Title Fluid Mechanics /
250 ## - EDITION STATEMENT
Edition statement 8th ed.
260 ## - PUBLICATION, DISTRIBUTION, ETC. (IMPRINT)
Place of publication [S.l.] :
Name of publisher McGraw-Hill Education,
Year of publication 2015.
300 ## - PHYSICAL DESCRIPTION
Number of Pages 864 p. ;
650 ## - SUBJECT ADDED ENTRY--TOPICAL TERM
Topical Term Fluid Mechanics
856 ## - ELECTRONIC LOCATION AND ACCESS
Uniform Resource Identifier http://10.10.170.122:8080/browse/book/11707
942 ## - ADDED ENTRY ELEMENTS (KOHA)
Koha item type Books
Holdings
Withdrawn status Lost status Home library Current library Date acquired Cost, normal purchase price Accession Number Koha item type Full call number
    Central Library, QUEST, Nawabshah Central Library, QUEST, Nawabshah 14/10/2015 1877.98 53208 Books  
    Central Library, QUEST, Nawabshah Central Library, QUEST, Nawabshah 18/09/2017 1558.00 56364 Books 627WHI (Shelf-39F)
    Central Library, QUEST, Nawabshah Central Library, QUEST, Nawabshah 18/09/2017 1558.00 56365 Books 627WHI
    Central Library, QUEST, Nawabshah Central Library, QUEST, Nawabshah 05/06/2014 1297.00 40127 Books 627WHI
    Seminar Library, Energy & Environ. Engg. Seminar Library, Energy & Environ. Engg. 19/06/2014 2239.00 30509 Books 627WHI